000 00265nam a2200109Ia 4500
008 190914s9999||||xx |||||||||||||| ||und||
100 _aKhawja Amjad Saeed
245 0 _aEconomy Of Pakistan
260 _aLahore
_bWorld Scientific
_c2000
300 _a321
942 _cBK
999 _c8591
_d8591